Ο Μέγας Αλέξανδρος και το εκπολιτιστικό του έργο ιστορική και παιδαγωγική θεώρηση
Αποθηκεύτηκε σε:
| Κύριος συγγραφέας: | |
|---|---|
| Άλλοι συγγραφείς: | |
| Μορφή: | Βιβλίο |
| Γλώσσα: | Greek |
| Δημοσίευση: |
Αθήνα :
Γρηγόρης,
1997.
|
| Θέματα: | |
| Ετικέτες: |
Προσθήκη ετικέτας
Δεν υπάρχουν, Καταχωρήστε ετικέτα πρώτοι!
|
MARC
| LEADER | 00000cam a2200000 i 4500 | ||
|---|---|---|---|
| 001 | 1/45130 | ||
| 008 | 070525s1997 gr | ||| |||| ||gre|| | ||
| 020 | |a 9603331392 | ||
| 035 | |l 10088038 | ||
| 040 | |a GR-MY-UA |b gre |e aacr | ||
| 041 | 0 | |a gre | |
| 082 | 7 | |a 938.07 |2 (22) | |
| 100 | 1 | |a Κόφφας, Αλέξανδρος Κ. | |
| 245 | 1 | 2 | |a Ο Μέγας Αλέξανδρος και το εκπολιτιστικό του έργο |b ιστορική και παιδαγωγική θεώρηση / |c Αλέξανδρος Κ. Κόφφας, Άννα Ι. Στραταριδάκη. |
| 260 | |a Αθήνα : |b Γρηγόρης, |c 1997. | ||
| 300 | |a 158 σ. : |b εικ. ; |c 21 εκ. | ||
| 504 | |a Περιλαμβάνει βιβλιογραφικές παραπομπές. | ||
| 600 | 0 | 7 | |2 nlgaf |a Αλέξανδρος ο Μέγας, |c Βασιλιάς της Μακεδονίας, |d 356-323. |
| 650 | 0 | 0 | |a Language and history |z Greece. |
| 700 | 1 | |a Στραταριδάκη, Άννα Ι. | |
| 852 | |a INST |b RHODES |e 20070525 |h 938.07 ΚΟΦ |p 005400026563 |q 005400026563 |t BK |y 0 | ||
| 901 | |a BIBL4-2007-2 | ||
| 909 | |a Ρ |b 127940 | ||
| 970 | |a ΜΙΣΣΟΣ |b ΣΤΑΥΡΟΣ |z 2007/05/25 | ||